Furunculosis : multidisciplinary fish disease research /

Bibliographic Details
Other Authors: Bernoth, Eva-Maria
Format: Book
Language:English
Published: San Diego : Academic Press, [1997]
Subjects:

MARC

Tag First Indicator Second Indicator Subfields
LEADER 00000cam a2200000 a 4500
001 in00004483643
005 20191203081425.0
008 970218s1997 enka 001 0 eng d
010 |a gb 97015904  
015 |a GB97-15904 
020 |a 0120930404 (acid-free paper) 
035 |a (OCoLC)36529067 
035 |9 AAH2052MS 
035 |z (UtOrBLW)23975 
035 |a 37444 
040 |a UKM  |c UKM  |d IWA  |d AGL  |d UtOrBLW 
049 |a TMVM  |c 1 
070 0 |a SH177.B3F87  |b 1997 
072 0 |a L832  |a M001 
082 0 4 |a 573.53917  |2 21 
096 |a SH 177 B3  |b F992 1997 
245 0 0 |a Furunculosis :  |b multidisciplinary fish disease research /  |c edited by Eva-Maria Bernoth [and others]. 
264 1 |a San Diego :  |b Academic Press,  |c [1997] 
264 4 |c ©1997 
300 |a xiii, 529 pages :  |b illustrations ;  |c 24 cm. 
336 |a text  |2 rdacontent  |b txt 
337 |a unmediated  |2 rdamedia 
338 |a volume  |2 rdacarrier  |b nc 
504 |a Includes bibliographical references (pages 446-512) and index. 
505 0 |a Furunculosis: the history of the disease and of disease research / Eva-Maria Bernoth -- Sect. 1. Introduction towards an epizootiology of furunculosis / Peter Smith -- The Epizootiology of furunculosis: the present state of our ignorance / Peter Smith -- Covert Aeromonas salmonicida infections / Maura Hiney, Peter Smith & Eva-Maria Bernoth -- Diagnosis of furunculosis: the tools / Eva-Maria Bernoth -- Survival and inactivation of aeromonas salmonicida outside the host-a most superficial way fo life / Oivind Enger -- Husbandry and stress / Alan D. Pickering.  
505 0 |a Furunculosis research as seen from a fish farm / Peter Smith -- Sect. 2. Getting to know your enemy / Gilles Olivier -- The Surface of aeromonas salmonicida: what does it look like and what does it do / William W. Kay & Trevor J. Trust -- The Extracellular toxins of aeromonas salmonicida subsp. salmonicida / Anthony E. Ellis -- Host-pathogen interactions in salmonids / Christopher J. Secombers & Gilles Olivier -- Aeromonas salmonicida subspecies salmonicida-a molecular genetic perspective / Laurence M. Vaughan. 
505 0 |a Sect. 3. Raising resistance against furunculosis / Paul J. Midtlyng & Anthony E. Ellis -- Effect of nutrition on furunculosis / Gilles Olivier -- Adjuvants and immunostimulants for potentiating protection against furunculosis in fish / Douglas P. Anderson ... [et. al.] -- Furunculosis: protective antigens and mechanisms / Anthony E. Ellis -- Vaccination against furunculosis / Paul J. Midtlyng -- Breeding to raise resistance / Trygve Gjedrem -- Sect. 4. Treatment / Anthony E. Ellis -- Chemotherapy of furunculosis / Trevor S. Hastings -- Resistance plasmids and the risk of transfer / Takashi Aoki -- Conclusions / Peter Smith.  
650 2 |a Furunculosis  |x veterinary. 
650 2 |a Fish Diseases. 
700 1 |a Bernoth, Eva-Maria. 
999 |a MARS 
999 f f |s 9734c22c-5dd0-3743-8748-c86ef824f672  |i 0c53935a-b4f2-3247-8d67-9f8a6ae28bbd  |t 0 
952 f f |p ric  |a Texas A&M University  |b Rellis Campus  |c Joint Library Facility  |d Remote Storage  |t 0  |e SH 177 B3 F992 1997  |h National Library of Medicine classification  |i unmediated -- volume  |m 3238901256804 
998 f f |a SH 177 B3 F992 1997  |t 0  |l Remote Storage